El Trabajo manual : recuerdo del primer cursillo de trabajo manual educativo recuerdo del primer cursillo de trabajo manual educativo
Descripción Física:
4 p. ; 22 cm
Materias:
Treballs manuals (Ensenyament)
MARC
| LEADER | 00000nam a2200000Ia 4500 | ||
|---|---|---|---|
| 001 | RF-16-34 | ||
| 008 | 160829s1903 xx 000 0 cat d | ||
| 080 | |a 23067 | ||
| 245 | |a El Trabajo manual : |b recuerdo del primer cursillo de trabajo manual educativo | ||
| 260 | |a Barcelona : |b Imp. Elzeviriana de Borrás y Mestres, |c 1903 | ||
| 300 | |a 4 p. ; |c 22 cm | ||
| 590 | |a Prové de la caixeta de Casa de Caritat, any 1878, núm. 2158, exp. 2162 | ||
| 650 | 0 | |a Treballs manuals (Ensenyament) |9 41398 | |
| 856 | 4 | |u https://media.diba.cat/diba/fitxers/arxiu/fulletons/bib_23067_1903_baixa.pdf |y Accés lliure | |
| 856 | 4 | |u https://media.diba.cat/diba/fitxers/arxiu/fulletons/bib_23067_1903_baixa.pdf |y Accés lliure | |
| 901 | |a Arxiu | ||
| 942 | |n 1 |2 udc | ||
| 952 | |0 0 |1 0 |4 0 |6 23067 |7 1 |9 50191 |a Arxiu |b Arxiu |d 2016-12-01 |l 0 |o 23067 |p RF-16-34 |r 2016-12-01 00:00:00 |w 2016-12-01 |y ARXIU | ||
| 999 | |c 54033 |d 54033 | ||
| 900 | |a bib_23067_1903_baixa.pdf | ||